Statistics for Arabian Sea Countries on a Map

Click here to take the quiz!

General Stats

  • This quiz has been taken 43 times
  • The average score is 7 of 7

Answers on the Map

Answers color-coded by a green-red scale on the quiz's map according to % correct below.
Loading ...
 

Answer Stats

Country% Correct
India
100%
Oman
100%
Yemen
100%
Somalia
98%
Djibouti
95%
Pakistan
95%
Maldives
93%

Score Distribution

Percentile by Number Answered

Percent of People with Each Score

Your Score History

You have not taken this quiz